Normal view
MARC view
- Loke, Keng Bin,
Entry Personal Name
001 - CONTROL NUMBER
- control field: 9580
003 - CONTROL NUMBER IDENTIFIER
- control field: OSt
005 - DATE AND TIME OF LATEST TRANSACTION
- control field: 20241203143307.0
008 - FIXED-LENGTH DATA ELEMENTS
- fixed length control field: 241203|| aca||aabn | a|a d
040 ## - CATALOGING SOURCE
- Original cataloging agency: OSt
- Transcribing agency: OSt
100 ## - HEADING--PERSONAL NAME
- Personal name: Loke, Keng Bin,
- Titles and other words associated with a name: Dr.,
- Dates associated with a name: 1977-
670 ## - SOURCE DATA FOUND
- Source citation: Work cat.: (OSt)5016: MARITIME LOGISTICS AND TRANSPORT RESEARCH. / Volume II /

PORTAL AKMAL
E-MEL JKDM
AKMAL2U
G-BAM
u-PUSTAKA